| 000 | 00442nam a22001697a 4500 | ||
|---|---|---|---|
| 005 | 20250104171113.0 | ||
| 008 | 250104b |||||||| |||| 00| 0 eng d | ||
| 020 | _a9780143464617 | ||
| 041 | _aEng | ||
| 082 | _a823 MUR | ||
| 100 | _aMurthy Sudha | ||
| 245 | _aCommon Yet Uncommon : 14 Memorable Stories from Daily Life | ||
| 260 |
_aHaryana _bPenguin Books _c2023 |
||
| 300 | _a182;. P. | ||
| 650 | _a Fiction; Not fiction | ||
| 942 | _cBK | ||
| 999 |
_c43181 _d43181 |
||